[Event "GER Cup Net V3 U1600"]
[White "Hausmann, Ulrich"]
[Black "Koholka, Jan"]
[Site "Playchess.com INT"]
[Round "2"]
[Result "0-1"]
[Date "2020.05.27"]
[WhiteElo "1536"]
[BlackElo "1703"]
[PlyCount "148"]
[EventDate "2020.05.27"]
[EventType "swiss (blitz)"]
[EventRounds "9"]
[EventCountry "GER"]
[SourceTitle "EXT 2021"]
[Source "ChessBase"]
[SourceDate "2020.10.23"]
[SourceVersion "1"]
[SourceVersionDate "2020.10.23"]
[SourceQuality "1"]

1. f4 Nf6 2. Nf3 d6 3. e3 g6 4. d4 Bg7 5. c3 0-0 6. Bd3 b6 7. 0-0 Ba6 8. Qc2 Bxd3 9. Qxd3 c5 10. Nbd2 Nc6 11. f5 a5 12. fxg6 fxg6 13. Ng5 Qd7 14. d5 Ne5 15. Qe2 Nxd5 16. Nc4 Rxf1+ 17. Kxf1 Rf8+ 18. Kg1 h6 19. Nxe5 Bxe5 20. Nf3 Qe6 21. Qc4 Nf4 22. Qxe6+ Nxe6 23. Nxe5 dxe5 24. Bd2 Rd8 25. Be1 e4 26. Bh4 Rd7 27. Kf2 Kg7 28. Ke2 g5 29. Bg3 Nf8 30. Be5+ Kg6 31. Rd1 Rxd1 32. Kxd1 Ne6 33. Bb8 b5 34. a3 Kf5 35. h3 h5 36. Ke2 h4 37. Ba7 g4 38. hxg4+ Kxg4 39. Bb6 a4 40. Ba7 Kg3 41. Kf1 h3 42. gxh3 Kxh3 43. Ke2 Kg2 44. Kd2 Kf3 45. Bb6 c4 46. Kc2 Ke2 47. Kc1 Ng5 48. Bc5 e6 49. Kc2 Nh3 50. Bd4 Nf2 51. b3 cxb3+ 52. Kb2 Kd3 53. Kc1 Ng4 54. Kd1 Nxe3+ 55. Ke1 b2 56. c4 Nxc4 57. Bxb2 Nxb2 58. Kf2 Nc4 59. Ke1 Nxa3 60. Kd1 Nc4 61. Kc1 e3 62. Kb1 e2 63. Ka2 Nb2 64. Kxb2 e1Q 65. Ka3 Qc3+ 66. Ka2 Qb3+ 67. Ka1 Qa3+ 68. Kb1 Qb3+ 69. Ka1 Qd1+ 70. Kb2 b4 71. Ka2 Qc2+ 72. Ka1 Qh2 73. Kb1 b3 74. Kc1 Qc2# 0-1

[Event "GER Cup Net V3 U1600"]
[White "Koholka, Jan"]
[Black "Meier, Franz1"]
[Site "Playchess.com INT"]
[Round "1"]
[Result "1-0"]
[Date "2020.05.27"]
[WhiteElo "1703"]
[BlackElo "1436"]
[PlyCount "57"]
[EventDate "2020.05.27"]
[EventType "swiss (blitz)"]
[EventRounds "9"]
[EventCountry "GER"]
[SourceTitle "EXT 2021"]
[Source "ChessBase"]
[SourceDate "2020.10.23"]
[SourceVersion "1"]
[SourceVersionDate "2020.10.23"]
[SourceQuality "1"]

1. e4 e6 2. d4 d5 3. Nc3 c5 4. exd5 exd5 5. Nf3 Bg4 6. Be2 Bd6 7. h3 Bh5 8. dxc5 Bxc5 9. Qxd5 Bxf3 10. Qxd8+ Kxd8 11. Bxf3 Nc6 12. Bg5+ f6 13. Bh4 Nge7 14. 0-0-0+ Kc8 15. Bg4+ f5 16. Bf3 Ne5 17. Be2 N7g6 18. Bg5 Bxf2 19. Rhf1 Bc5 20. Rxf5 b6 21. Ba6+ Kc7 22. Nd5+ Kc6 23. Nf4 Be3+ 24. Kb1 Nxf4 25. Bxf4 Bxf4 26. Rxf4 Rhe8 27. a4 Ng6 28. Rfd4 Kc5 29. Rc4# 1-0

[Event "GER Cup Net V2 U1600"]
[White "Schneider, Martin3"]
[Black "Koholka, Jan"]
[Site "Playchess.com INT"]
[Round "5"]
[Result "1-0"]
[Date "2020.05.22"]
[WhiteElo "1581"]
[BlackElo "1734"]
[PlyCount "93"]
[EventDate "2020.05.22"]
[EventType "swiss (blitz)"]
[EventRounds "9"]
[EventCountry "GER"]
[SourceTitle "EXT 2021"]
[Source "ChessBase"]
[SourceDate "2020.10.23"]
[SourceVersion "1"]
[SourceVersionDate "2020.10.23"]
[SourceQuality "1"]

1. e4 e5 2. Nf3 Nc6 3. d4 exd4 4. Nxd4 Nf6 5. Nxc6 bxc6 6. e5 Qe7 7. Qe2 Nd5 8. c4 Ba6 9. Qe4 Nb6 10. Nc3 g6 11. b3 Bg7 12. Bb2 Qxe5 13. 0-0-0 0-0-0 14. c5 Bxf1 15. cxb6 cxb6 16. Rhxf1 Qg5+ 17. f4 Qh5 18. Qf3 Qa5 19. Kb1 Rhe8 20. Rfe1 Kc7 21. Rxe8 Rxe8 22. Qd3 Re7 23. Nb5+ Qxb5 24. Qd6+ Kb7 25. Bxg7 Qc5 26. Qxc5 bxc5 27. Bf6 Re2 28. Rxd7+ Kb6 29. Rxf7 Rxg2 30. Rxh7 Rf2 31. Be5 Kb5 32. Rxa7 c4 33. bxc4+ Kxc4 34. Rh7 c5 35. h4 Kd3 36. Rd7+ Ke4 37. Rc7 Kd5 38. Rg7 Rh2 39. Rxg6 Rxh4 40. a4 Kc4 41. a5 Rh2 42. a6 Kb3 43. Rb6+ Ka3 44. a7 Rh1+ 45. Kc2 Rh2+ 46. Kc3 Rh8 47. Ra6# 1-0

[Event "GER Cup Net V2 U1600"]
[White "Steimle, Markus"]
[Black "Koholka, Jan"]
[Site "Playchess.com INT"]
[Round "7"]
[Result "0-1"]
[Date "2020.05.22"]
[WhiteElo "1328"]
[BlackElo "1683"]
[PlyCount "100"]
[EventDate "2020.05.22"]
[EventType "swiss (blitz)"]
[EventRounds "9"]
[EventCountry "GER"]
[SourceTitle "EXT 2021"]
[Source "ChessBase"]
[SourceDate "2020.10.23"]
[SourceVersion "1"]
[SourceVersionDate "2020.10.23"]
[SourceQuality "1"]

1. d4 Nf6 2. Nf3 e6 3. e3 b6 4. Be2 Bb7 5. c4 d5 6. cxd5 exd5 7. Nc3 c5 8. 0-0 c4 9. b3 cxb3 10. axb3 Be7 11. h3 0-0 12. Bb2 Nc6 13. Qc2 Nb4 14. Qd2 a5 15. Nb5 Rc8 16. Rfc1 Ne4 17. Qe1 Qd7 18. Rxc8 Rxc8 19. Rc1 h6 20. Ne5 Qd8 21. Bf3 Bf6 22. Bxe4 dxe4 23. Rxc8 Qxc8 24. Nc4 Nd3 25. Qb1 Qd8 26. Nbd6 Ba6 27. Nxe4 Nb4 28. Ned2 Qd5 29. Nxb6 Bb7 30. Nf3 Qb5 31. Ba3 Qxb6 32. Bxb4 Qxb4 33. Qc2 Qb6 34. Qc4 Qc6 35. Qxc6 Bxc6 36. Nd2 Kf8 37. Nc4 Bd8 38. Nd6 Ke7 39. Nf5+ Kf6 40. Ng3 Bd5 41. Ne2 Bxb3 42. Nf4 a4 43. Nd3 a3 44. Nc1 a2 45. Nxb3 Ke6 46. Kf1 Kd5 47. Ke2 Kc4 48. Na1 Ba5 49. Kd1 Bc3 50. Kc2 Bxa1 0-1

[Event "GER Cup Net V2 U1600"]
[White "Wolff, Calvin"]
[Black "Koholka, Jan"]
[Site "Playchess.com INT"]
[Round "3"]
[Result "0-1"]
[Date "2020.05.22"]
[WhiteElo "1899"]
[BlackElo "1723"]
[PlyCount "154"]
[EventDate "2020.05.22"]
[EventType "swiss (blitz)"]
[EventRounds "9"]
[EventCountry "GER"]
[SourceTitle "EXT 2021"]
[Source "ChessBase"]
[SourceDate "2020.10.23"]
[SourceVersion "1"]
[SourceVersionDate "2020.10.23"]
[SourceQuality "1"]

1. e4 e5 2. Nf3 Nc6 3. Bc4 Nf6 4. d3 Bc5 5. Nc3 d6 6. Bg5 h6 7. Bh4 g5 8. Bg3 Ne7 9. Nd2 Ng6 10. Nb3 Bb6 11. Nd5 Nxd5 12. Bxd5 c6 13. Bc4 Bd7 14. Qf3 Qe7 15. 0-0-0 Nf4 16. Bxf4 gxf4 17. Qh5 Bxf2 18. Rhf1 Be3+ 19. Kb1 Be6 20. Bxe6 Qxe6 21. g3 0-0-0 22. gxf4 Bxf4 23. a3 Rhg8 24. Rg1 Rg5 25. Qf3 Rdg8 26. Qf2 Qh3 27. Rxg5 hxg5 28. Nd2 Kb8 29. Nf3 g4 30. Ng1 Qxh2 31. Qxh2 Bxh2 32. Ne2 Bf4 33. Nxf4 exf4 34. Kc1 Kc7 35. Kd2 Kd7 36. Ke2 Ke6 37. d4 f5 38. exf5+ Kxf5 39. Kf2 Rh8 40. Kg2 Rh3 41. Re1 Re3 42. Rf1 Re2+ 43. Kg1 Rxc2 44. Re1 Rxb2 45. Re8 Rd2 46. Rf8+ Ke4 47. Rg8 Kf3 48. Re8 g3 49. Re1 Rg2+ 50. Kf1 Rf2+ 51. Kg1 Re2 52. Rf1+ Ke3 53. Rb1 Rd2 54. Rb3+ Rd3 55. Rb1 Kxd4 56. Rb4+ Ke3 57. Rb1 Rxa3 58. Re1+ Kf3 59. Rf1+ Kg4 60. Rb1 b5 61. Rb4 Ra4 62. Rb2 Rc4 63. Rb1 d5 64. Rb3 d4 65. Ra3 Ra4 66. Rb3 a5 67. Rd3 c5 68. Rd1 Ra3 69. Rc1 c4 70. Rb1 b4 71. Rc1 c3 72. Rd1 c2 73. Rc1 d3 74. Kg2 Ra1 75. Rxa1 d2 76. Rd1 f3+ 77. Kf1 cxd1Q# 0-1

[Event "GER-ch Net Amateur Gr-C Final"]
[White "Koholka, Jan"]
[Black "Hoffmann, Tom"]
[Site "Playchess.com INT"]
[Round "7"]
[Result "1-0"]
[Date "2020.04.18"]
[WhiteElo "1814"]
[BlackElo "1611"]
[PlyCount "135"]
[EventDate "2020.04.18"]
[EventType "swiss (blitz)"]
[EventRounds "13"]
[EventCountry "GER"]
[SourceTitle "CBM 195 Extra"]
[Source "ChessBase"]
[SourceDate "2020.05.31"]
[SourceVersion "1"]
[SourceVersionDate "2020.05.31"]
[SourceQuality "1"]

1. e4 e5 2. Nf3 Nc6 3. Bc4 Bc5 4. c3 Nf6 5. d3 d6 6. h3 0-0 7. 0-0 Qe7 8. Bg5 Be6 9. Re1 h6 10. Bh4 Bxc4 11. dxc4 Qe6 12. Nbd2 Nd7 13. b3 Ne7 14. Nf1 Ng6 15. Bg3 Rad8 16. Ne3 Nf6 17. Nd5 Nh5 18. Nxc7 Qf6 19. Nd5 Qe6 20. Kh2 Nxg3 21. fxg3 Ne7 22. Qd2 Nxd5 23. cxd5 Qg6 24. Nh4 Qf6 25. Rf1 Qe7 26. Nf5 Qf6 27. Rf3 Rfe8 28. Raf1 Rd7 29. c4 Qg5 30. Qd3 a6 31. g4 g6 32. Ng3 Qe7 33. Qd2 Qg5 34. Qxg5 hxg5 35. Rf6 Ree7 36. Ne2 Be3 37. g3 Rc7 38. Kg2 Bc5 39. Nc1 b5 40. Nd3 bxc4 41. bxc4 Bb4 42. Nxb4 a5 43. Nc6 Red7 44. Rb1 a4 45. a3 Kg7 46. Rf2 f6 47. Rfb2 Kf7 48. Rb8 Kg7 49. Nd8 f5 50. Ne6+ Kf7 51. Nxc7 Rxc7 52. gxf5 gxf5 53. R1b7 Rxb7 54. Rxb7+ Kf6 55. exf5 Kxf5 56. Ra7 e4 57. Rxa4 Ke5 58. Kf2 Kd4 59. Rb4 Kc5 60. Rb3 Kxc4 61. Rb1 Kxd5 62. a4 Kd4 63. a5 e3+ 64. Ke2 Ke4 65. a6 d5 66. a7 d4 67. a8Q+ Ke5 68. Qa5+ 1-0

[Event "GER-ch Net Amateur Gr-C Vor3"]
[White "Koholka, Jan"]
[Black "Fleischmann, Theo"]
[Site "Playchess.com INT"]
[Round "3"]
[Result "1-0"]
[Date "2020.04.16"]
[WhiteElo "1770"]
[BlackElo "1563"]
[PlyCount "29"]
[EventDate "2020.04.16"]
[EventType "swiss (blitz)"]
[EventRounds "9"]
[EventCountry "GER"]
[SourceTitle "CBM 195 Extra"]
[Source "ChessBase"]
[SourceDate "2020.05.31"]
[SourceVersion "1"]
[SourceVersionDate "2020.05.31"]
[SourceQuality "1"]

1. e4 c6 2. d4 d5 3. f3 e6 4. Nc3 Bb4 5. Be3 Ne7 6. a3 Bxc3+ 7. bxc3 0-0 8. Bd3 Nd7 9. e5 Qa5 10. Bd2 c5 11. f4 Qc7 12. Nf3 c4 13. Bxh7+ Kxh7 14. Ng5+ Kg8 15. Qh5 1-0

[Event "Hessen-ch U10"]
[White "Engert, Kiyan"]
[Black "Koholka, Jan"]
[Site "Bad Homburg"]
[Round "7"]
[Result "1-0"]
[Date "2013.??.??"]
[WhiteElo "945"]
[BlackElo "787"]
[PlyCount "79"]
[EventDate "2013.03.??"]
[EventType "swiss"]
[EventRounds "9"]
[EventCountry "GER"]
[SourceTitle "EXT 2014"]
[Source "ChessBase"]
[SourceDate "2013.11.20"]
[SourceVersion "1"]
[SourceVersionDate "2013.11.20"]
[SourceQuality "1"]

1. d4 d5 2. Nf3 Nf6 3. Bf4 Bf5 4. e3 e6 5. a3 a6 6. Bd3 Bg6 7. Ne5 Bd6 8. Nxg6 hxg6 9. Bxd6 Qxd6 10. Nd2 Nc6 11. c4 0-0-0 12. c5 Qe7 13. Qb3 Kd7 14. Qxb7 Ra8 15. Qb3 Rh6 16. Qc2 Ng4 17. h3 Qh4 18. g3 Qf6 19. Nb1 Qf3 20. Qe2 Qxh1+ 21. Kd2 Qxh3 22. Bxa6 Nf6 23. Bb7 Ne4+ 24. Kd3 Rb8 25. Bxc6+ Kxc6 26. Nc3 Qf5 27. Nxe4 Qxe4+ 28. Kc3 Rh1 29. Rxh1 Qxh1 30. Qa6+ Kd7 31. b4 Qc1+ 32. Kb3 Qb1+ 33. Ka4 Qc2+ 34. Ka5 Qc4 35. b5 Qa2 36. Qc6+ Kd8 37. a4 Qd2+ 38. Ka6 Qxf2 39. b6 Qe2+ 40. Ka7 1-0

[Event "GER-chT U10"]
[White "Koholka, Jan"]
[Black "Schulze, Lara"]
[Site "Magdeburg"]
[Round "2.1"]
[Result "0-1"]
[Date "2012.12.27"]
[WhiteElo "681"]
[BlackElo "1411"]
[PlyCount "24"]
[EventDate "2012.12.27"]
[EventType "team-swiss"]
[EventRounds "7"]
[EventCountry "GER"]
[SourceTitle "EXT 2014"]
[Source "ChessBase"]
[SourceDate "2013.11.20"]
[SourceVersion "1"]
[SourceVersionDate "2013.11.20"]
[SourceQuality "1"]
[WhiteTeam "Langen"]
[BlackTeam "Lehrte"]
[WhiteTeamCountry "GER"]
[BlackTeamCountry "GER"]

1. e4 e6 2. d4 d5 3. Nc3 Nf6 4. Nf3 dxe4 5. Ne5 Bd6 6. Bb5+ c6 7. Ba4 Bxe5 8. dxe5 Qxd1+ 9. Nxd1 Nd5 10. 0-0 Nd7 11. c4 N5b6 12. Bb3 Nxe5 0-1